Recursive algorithms

Αποθηκεύτηκε σε:
Λεπτομέρειες βιβλιογραφικής εγγραφής
Κύριος συγγραφέας: Lorentz, Richard
Μορφή: Βιβλίο
Γλώσσα:English
Δημοσίευση: Norwood, N.J. : Ablex Publishing Corporation, c1994
Σειρά:Ablex series in computational science
Θέματα:
Ετικέτες: Προσθήκη ετικέτας
Δεν υπάρχουν, Καταχωρήστε ετικέτα πρώτοι!

MARC

LEADER 00000nam a2200000 i 4500
001 1/6025
008 000609s1994 eng d
020 |a 0-89391-913-6 
035 |l 10061789 
040 |a GR-MY-UA  |b gre  |e aacr 
041 0 |a eng 
082 0 |a 005.131 
100 1 |a Lorentz, Richard. 
245 1 0 |a Recursive algorithms /  |c Richard J. Lorentz 
260 |a Norwood, N.J. :   |b Ablex Publishing Corporation,   |c c1994 
300 |a xiii, 192 p.;  |b ill.;  |c 24 cm. 
490 1 |a Ablex series in computational science 
504 |a Includes biblographical references and index 
650 0 0 |a Recursive functions. 
650 0 0 |a Algorithms. 
830 0 |a Ablex series in computational science 
852 |a INST  |b SAMOS  |e 20000609  |h 005.131 LOR  |p 005300019592  |q 005300019592  |t BK  |y 0 
901 |a BIBL3-2000-2 
909 |a Σ  |b 078781 
922 |a 3ΕΛΗ  |b 200005  |c ΚΠΣ  |d ΠΑΠΑΣΩΤΗΡΙΟΥ 
950 |a 116-1999-12-31 
970 |a ΚΟΣΙΕΡΗΣ  |b ΧΡΗΣΤΟΣ  |z 2000/06/14